Tratado teórico-práctico de la fabricación de tejidos (Record no. 157897)
[ view plain ]
| 000 -LEADER | |
|---|---|
| campo de control de longitud fija | 00992nam a2200205 i 4500 |
| 001 - NÚMERO DE CONTROL | |
| campo de control | 157897 |
| 003 - IDENTIFICADOR DE NÚMERO DE CONTROL | |
| campo de control | ES-MaACL |
| 005 - FECHA Y HORA DE LA ÚLTIMA TRANSACCIÓN | |
| campo de control | 20230906210908.0 |
| 008 - DATOS DE LONGITUD FIJA--INFORMACIÓN GENERAL | |
| campo de control de longitud fija | 040825s1852 sp af |||| | spa d |
| 040 ## - FUENTE DE CATALOGACIÓN | |
| Centro catalogador/agencia de origen | CAM |
| Lengua de catalogación | spa |
| Centro/agencia transcriptor | CAM |
| 100 1# - ENTRADA PRINCIPAL--NOMBRE DE PERSONA | |
| Nombre de persona | Lluch, Francisco Javier. |
| 9 (RLIN) | 129021 |
| 245 10 - MENCIÓN DEL TÍTULO | |
| Título | Tratado teórico-práctico de la fabricación de tejidos |
| Resto del título | : conteniendo los principios teóricos del arte y sus diversas aplicaciones a toda clase de tejidos, lisos o labrados, por telar de mano o mecánico... / |
| Mención de responsabilidad, etc. | por Francisco Javier Lluch y Narciso Mirallas. |
| 260 ## - PUBLICACIÓN, DISTRIBUCIÓN, ETC. | |
| Lugar de publicación, distribución, etc. | Barcelona : |
| Nombre del editor, distribuidor, etc. | [s.n.], |
| Fecha de publicación, distribución, etc. | 1852 ( |
| Fabricante | Imp. del Porvenir, a cargo de B. Bassas) |
| 300 ## - DESCRIPCIÓN FÍSICA | |
| Extensión | 2 v. (2 t. en 1 v., 1 v. de atlas) ; |
| Dimensiones | 26 cm. |
| 505 8# - NOTA DE CONTENIDO CON FORMATO | |
| Nota de contenido con formato | Contiene: 1 (t. I-II) ; |
| Título | Texto (292 p., 202 p.) - 2 ; |
| -- | Atlas (CXII h. de lám.) |
| 597 ## - NOTA DE DESCRIPCIÓN FÍSICA | |
| NOTA DE DESCRIPCIÓN FÍSICA | El Atlas, con port. tip. grab., mide 31 cm. |
| 650 04 - PUNTO DE ACCESO ADICIONAL DE MATERIA--TÉRMINO DE MATERIA | |
| Término de materia o nombre geográfico como elemento de entrada | Industria textil. |
| 9 (RLIN) | 13735 |
| 700 1# - ENTRADA AGREGADA--NOMBRE PERSONAL | |
| Nombre de persona | Mirallas, Narciso. |
| 9 (RLIN) | 129967 |
| 852 ## - LOCALIZACIÓN | |
| Ubicación | ES-MaACL |
| Número de control de estantería | C-2505-06 |
| Nota libre | - Enc. pasta española |
| Estatus retirado | Estado de pérdida | Estado de daño | No para préstamo | Colección | Biblioteca de origen | Biblioteca actual | Ubicación en estantería | Fecha de adquisición | Fuente de adquisición | Total de préstamos | Signatura topográfica completa | Código de barras | Visto por última vez | Precio de reemplazo | Tipo de ítem Koha |
|---|---|---|---|---|---|---|---|---|---|---|---|---|---|---|---|
| Libros del s. XIX | Biblioteca del Ateneo de Madrid | Biblioteca del Ateneo de Madrid | Sala Palomar | 17/01/2008 | C-2505-2506 | 1165249 | 23/02/2023 | 23/02/2023 | Libro impreso antiguo |
